00685nam a2200229 a 4500001001300000003000900013005001700022008004100039020001000080082001600090100002000106245006600126260003000192300000900222500003500231505001300266650002900279902000800308942000700316952011700323999001500440nice12345678IN_TiNIC20260116012946.0050524s1978 u sa grp 000 0 eng  ac10000a220.07bWAR aWarren, Richard aTwelve Dynamic Bible Study Methods for Individuals Or Groups. aU S AbVictor Booksc1978 a251p aincludes index and biblioraphy2 aAppendex aBible-Study and Teaching bSRS cBK 001040708StackRoom-aHMIbHMId2007-06-15g100.00l0o220.07 WARp010250r2007-06-15v100.00w2005-05-24yBK c9054d9054